Online
Catalog

Trini : (Record no. 21803)

MARC details
000 -CABECERA
campo de control de longitud fija 00796nam a2200217 a 4500
001 - NÚMERO DE CONTROL
campo de control 000022305
005 - FECHA Y HORA DE LA ÚLTIMA TRANSACCIÓN
campo de control 20240510073819.0
008 - DATOS DE LONGITUD FIJA--INFORMACIÓN GENERAL
campo de control de longitud fija 100927s197u dr ac 000 0dspa d
040 ## - FUENTE DE LA CATALOGACIÓN
Centro catalogador/agencia de origen DO-SdBNP
Lengua de catalogación spa
Centro/agencia transcriptor BNPHU
082 ## - NÚMERO DE LA CLASIFICACIÓN DECIMAL DEWEY
Número de clasificación 248.833
Número de documento/Ítem T233t
100 1# - ENTRADA PRINCIPAL--NOMBRE DE PERSONA
Nombre de persona Taveras, Lorena
9 (RLIN) 13159
245 10 - MENCIÓN DE TÍTULO
Título Trini :
Resto del título un sí al amor... en la aventura de la vida diaria /
Mención de responsabilidad, etc. Lorena Taveras ; presentación María Lourdes Pina.
260 ## - PUBLICACIÓN, DISTRIBUCIÓN, ETC.
Lugar de publicación, distribución, etc. Santo Domingo :
Nombre del editor, distribuidor, etc. Cruzada del Evangelio.,
Fecha de publicación, distribución, etc. [197-].
300 ## - DESCRIPCIÓN FÍSICA
Extensión 126 p. :
Otras características físicas il., retrs. ;
Dimensiones 20 cm.
590 ## - NOTA LOCAL (RLIN)
Nota local Inventariado, 2018/ YL
600 14 - PUNTO DE ACCESO ADICIONAL DE MATERIA--NOMBRE DE PERSONA
Nombre de persona HIDAKA, MARÍA TRINIDAD,
9 (RLIN) 46064
650 #0 - PUNTO DE ACCESO ADICIONAL DE MATERIA--TÉRMINO DE MATERIA
Término de materia o nombre geográfico como elemento de entrada Vida cristiana
9 (RLIN) 668
650 #4 - PUNTO DE ACCESO ADICIONAL DE MATERIA--TÉRMINO DE MATERIA
Término de materia o nombre geográfico como elemento de entrada Japoneses en república dominicana
9 (RLIN) 46065
700 1# - PUNTO DE ACCESO ADICIONAL--NOMBRE DE PERSONA
Nombre de persona Pina, María Lourdes,
Término indicativo de función/relación present.
9 (RLIN) 46066
910 ## - DATOS DE OPCIÓN DEL USUARIO (OCLC)
Datos de opción del usuario Validado. Control de calidad EMS
Holdings
Estado de retiro Estado de pérdida Restricciones de uso No para préstamo Código de colección Localización permanente Ubicación/localización actual Ubicación en estantería Fecha de adquisición Número de inventario Total de préstamos Signatura topográfica completa Código de barras Fecha visto por última vez Número de copia Precio válido a partir de Tipo de ítem Koha
        Dominicana de Servicio General General Depósito 27.09.2010 LF1   248.833 T233t 22305-30 25.06.2020 e. 3 25.06.2020 Libro y Folleto Colección Dominicana de Servicio
    Préstamo interno   Dominicana de Servicio General General Depósito 08.07.2013 LF1   248.833 T233t 22305-40 25.06.2020 e. 4 25.06.2020 Libro y Folleto Colección Dominicana de Servicio
    Préstamo interno   Dominicana de Servicio General General Depósito 09.12.2014 LF1   248.833 T233t 22305-50 25.06.2020 e. 5 25.06.2020 Libro y Folleto Colección Dominicana de Servicio
      Excluido de préstamo Patrimonio Dominicano Patrimonio Dominicano Patrimonio Dominicano Depósito 27.09.2010 LF1   248.833 T233t 22305-10 25.06.2020   25.06.2020 Libro y Folleto Colección Patrimonio Dominicano
      Excluido de préstamo Patrimonio Dominicano Patrimonio Dominicano Patrimonio Dominicano Depósito 27.09.2010 LF1   248.833 T233t 22305-20 25.06.2020 e. 2 25.06.2020 Libro y Folleto Colección Patrimonio Dominicano

Powered by Koha